000 00736nam a2200181Ia 4500
008 151018s9999 xx 000 0 und d
082 _bRBASDV6691
_a891.463
100 _aज्योत्स्ना देवधर
245 _aगाऱ्या गाऱ्या भिंगोऱ्या
250 _b1
260 _bप्रेस्टीज पब्लिकेशन पुणे
_c1969
300 _a139
600 _aज्योत्स्ना देवधर
630 _aगाऱ्या गाऱ्या भिंगोऱ्या
700 _aज्योत्स्ना देवधर
730 _aगाऱ्या गाऱ्या भिंगोऱ्या
942 _cBOOK
999 _c1009064
_d1009061